000 01238nam a22002897a 4500
999 _c518
_d518
003 AR-CdUCM
008 190223b ||||| |||| 00| 0 spa d
040 _aMUNICIPALIDAD PROVINCIAL DEL CUSCO
_cBIBLIOTECA MUNICIPAL DEL CUSCO
082 _a985.019/V32
_bV32
100 _aVargas Paliza, Ernesto
_92011
245 _aKusikancha :
_bmorada de las momias reales de los inkas /
_cErnesto Vargas Paliza
260 _aCusco :
_bInstituto Nacional de Cultura,
_c2007.
300 _a339 páginas. :
_bilustraciones ;
_c24 cm.
505 _aContenido: Referencias geológicas del Cusco -- División Hanan y Urin -- Primer Cabildo del Cusco -- Primeras medidas de prevención -- Solares del Cusco...
650 _aArqueología
_9371
650 _aReparticion de Solares
_92012
650 _aInkas
_91899
650 _aMonumentos arqueológicos
_92013
650 _aKanchas Incas
_92014
650 _aCentro Histórico del Cusco
_92015
710 _aInstituto Nacional de Cultura (Perú)
_92016
710 _aDirección Regional de Cultura de Cusco
_92017
710 _aSub Dirección de Investigación
_92018
856 _uhttp://bvirtual.culturacusco.gob.pe/items/show/109
_zLeer en digital
942 _2ddc
_cLIBROS
945 _awfj
_d2019-02-23